=LDR 00000nam 2200000 4500 =001 INLIS000000000024982 =005 20200714123546 =035 ##$$a 0010-061300000024982 =008 200714################g##########0#ind## =041 ##$$a Ind =082 ##$$a 2X6 =090 ##$$a 2X6, Ahm p =100 1#$$a Ahmed akbar =245 1#$$a Posmodernisme, Bahaya dan harapan bagi islam, /$c Akbar Ahmed; penerjemah, M. Siroji =260 ##$$a Jakarta :$b Mizan,$c 1993 =300 ##$$a 298 hlm, : $b Ilus. ; $c 14x23 cm =650 #4$$a Islam =850 ##$$a NBPNMAT =084 ##$$a 2X6 AHM p =250 ##$$a cet.1 =990 ##$$a 00088044 =990 ##$$a 00051403